Advanced managerial economics and public policy (Record no. 367373)
[ view plain ]
| 000 -LEADER | |
|---|---|
| fixed length control field | 00762nam a22002177a 4500 |
| 003 - CONTROL NUMBER IDENTIFIER | |
| control field | 0 |
| 005 - DATE AND TIME OF LATEST TRANSACTION | |
| control field | 20250407112652.0 |
| 008 - FIXED-LENGTH DATA ELEMENTS--GENERAL INFORMATION | |
| fixed length control field | 250404b xxu||||| |||| 00| 0 eng d |
| 020 ## - INTERNATIONAL STANDARD BOOK NUMBER | |
| International Standard Book Number | 978-621-427-215-0 |
| 050 ## - LIBRARY OF CONGRESS CALL NUMBER | |
| Classification number | HD 30.22 |
| Item number | .B33 2024 |
| 100 ## - MAIN ENTRY--PERSONAL NAME | |
| Personal name | Bacay, Rene Boy |
| 245 ## - TITLE STATEMENT | |
| Title | Advanced managerial economics and public policy |
| Statement of responsibility, etc | Rene Boy Bacay and Marmelo Abante |
| 260 ## - PUBLICATION, DISTRIBUTION, ETC. (IMPRINT) | |
| Place of publication, distribution, etc | Intramuros, Manila |
| Name of publisher, distributor, etc | Unlimited books library services & publishing, Inc |
| Date of publication, distribution, etc | 2024 |
| 300 ## - PHYSICAL DESCRIPTION | |
| Extent | viii, 368 pages; |
| Dimensions | 25cm. |
| 504 ## - BIBLIOGRAPHY, ETC. NOTE | |
| Bibliography, etc | Includes bibliographical references. |
| 650 ## - SUBJECT ADDED ENTRY--TOPICAL TERM | |
| Topical term or geographic name as entry element | Managerial economics -- Economic policy. |
| 650 ## - SUBJECT ADDED ENTRY--TOPICAL TERM | |
| Topical term or geographic name as entry element | Public policy -- Economic aspects. |
| 650 ## - SUBJECT ADDED ENTRY--TOPICAL TERM | |
| Topical term or geographic name as entry element | Decision making -- Economic aspects. |
| 700 ## - ADDED ENTRY--PERSONAL NAME | |
| Personal name | Abante, Marmelo |
| 942 ## - ADDED ENTRY ELEMENTS (KOHA) | |
| Source of classification or shelving scheme | Library of Congress Classification |
| Koha item type | Books |
| Withdrawn status | Lost status | Source of classification or shelving scheme | Damaged status | Home library | Current library | Shelving location | Date acquired | Source of acquisition | Total Checkouts | Full call number | Barcode | Date last seen | Price effective from | Koha item type | Sub Shelving location |
|---|---|---|---|---|---|---|---|---|---|---|---|---|---|---|---|
| Library of Congress Classification | College Library | College Library | Graduate Section | 04/04/2025 | Library Fund | HD 30.22 .B33 2024 | C24336 | 04/04/2025 | 04/04/2025 | Books | |||||
| Library of Congress Classification | College Library | College Library | Graduate Section | 04/04/2025 | Library Fund | HD 30.22 .B33 2024 | C24337 | 04/04/2025 | 04/04/2025 | Books | |||||
| Library of Congress Classification | College Library | College Library | Graduate Section | 04/26/2025 | Library Fund | HD 30.22 .B33 2024 | C24422 | 04/26/2025 | 04/26/2025 | Books |